[Event "6th Vardaris Open 2020"]
[Site "Thessaloniki"]
[Date "2020.02.29"]
[Round "3.4"]
[White "Koutlas, Nikolaos"]
[Black "Georgakopoulos, Nikolaos"]
[Result "1-0"]
[WhiteElo "2030"]
[BlackElo "2367"]
[Annotator "TA"]
[PlyCount "65"]
[EventDate "2020.02.27"]
[EventType "swiss"]
[EventCountry "GRE"]
[SourceTitle "playchess.com"]
[Source "ChessBase"]
[SourceQuality "1"]

{[%evp 12,64,43,31,32,42,51,29,23,28,32,14,24,13,20,8,18,13,47,39,65,39,69,41,37,19,22,0,27,31,22,0,0,0,60,61,60,60,66,64,69,55,89,0,0,0,0,0,0,-131,343,270,476,458,29999]} 1. d4 Nf6 2. c4 g6 3. Nc3 Bg7 4. e4 d6 5. h3 O-O 6. Be3 c5 7. Nf3 Qa5 {E90: King's Indian: Classical: Early deviations and 6 h3.} 8. Bd3 Nfd7 {Nowadays more popular than 8...cxd4.} 9. O-O Nc6 {[%cal Rc5d4] White has an edge.} 10. Be2 e5 {[%cal Re5d4]} 11. dxc5 dxc5 12. Nd5 Qd8 13. Qd2 {[#]} Nd4 $146 ({Predecessor:} 13... a5 14. Rad1 Nd4 15. Rfe1 b6 16. Bg5 f6 17. Bh4 Bb7 18. Nxd4 cxd4 19. Bg4 Nc5 {0-1 (39) Raghunandan,K (2424)-Damljanovic,B (2466) Djenovici 2019}) 14. b4 b6 15. Nxd4 exd4 16. Bf4 (16. Bg5 $5 {[%cal Rg5d8]} f6 17. Bh4 $11) 16... Ne5 17. Bxe5 Bxe5 18. f4 Bg7 19. e5 f6 20. exf6 Bxf6 21. bxc5 bxc5 22. Rab1 Qd6 (22... Be6 $11) 23. Bf3 $1 $14 Rb8 24. Rxb8 Qxb8 25. Qa5 $1 Qd6 26. Qxa7 d3 27. Rd1 (27. Nxf6+ $16 Rxf6 28. Qa8) 27... Bd4+ $11 28. Kh1 Ba6 29. Nb6 $36 {[%mdl 2048] White has some pressure.} Qxf4 {[#] ( -> ...Be5)} 30. Nd7 (30. Qxa6 Be5 31. Kg1 Qh2+ 32. Kf2 {[#]} Rxf3+ $1 {[%mdl 512]} 33. Ke1 Qg1+ 34. Kd2 Qe3#) (30. Bd5+ $11 Kh8 31. Nd7 {[%mdl 64] Double Attack, Discovered Attack} (31. Qxa6 $2 Be5 32. g3 Qxg3 33. Bg2 Qh2#)) 30... Bc8 $2 {[%mdl 8192]} (30... Bxc4 $17 {stays on course. ...Rf7 is the strong threat.} 31. Qa4 Bb2 32. Nxf8 Be5) 31. Nxf8 Be5 $2 (31... Kxf8 {was necessary.} 32. Bd5 (32. Rxd3 Qh4 $16) 32... d2 33. Qxh7 Be5) 32. Bd5+ $18 Kh8 (32... Kxf8 $18 33. Qxc5+ (33. g3 Qf2 $16) 33... Bd6) 33. Qxh7# {Accuracy: White = 78%, Black = 52%.} 1-0

[Event "6th Vardaris Open 2020"]
[Site "Thessaloniki"]
[Date "2020.02.29"]
[Round "3.5"]
[White "Gouloutis, Nikolaos"]
[Black "Bullen, Alex"]
[Result "1-0"]
[WhiteElo "2347"]
[BlackElo "2037"]
[Annotator "TA"]
[PlyCount "45"]
[EventDate "2020.02.27"]
[EventType "swiss"]
[EventCountry "GRE"]
[SourceTitle "playchess.com"]
[Source "ChessBase"]
[SourceQuality "1"]

{[%evp 13,45,0,0,-10,-16,-22,-19,-30,-29,-37,-11,-57,-16,-101,0,0,79,85,72,66,113,108,345,329,496,494,469,470,1165,1137,1120,1085,1021,835]} 1. c4 e6 2. Nf3 d5 3. e3 Nf6 4. b3 c5 5. Bb2 Nc6 6. cxd5 exd5 7. Bb5 Bd6 8. Bxc6+ {A13: English Opening: 1...e6.} bxc6 9. d3 O-O 10. O-O {The position is equal.} Re8 11. Qc2 {[#]} Bf5 $146 {And now ...c4! would win.} ({Predecessor:} 11... Rb8 12. Nbd2 Bg4 13. Rfe1 Nd7 {½-½ (13) Lebredo Zaragoitia,G (2204)-Molina,J (2141) Joao Pessoa 2013}) 12. Rd1 Rb8 {White should prevent ...c4!} 13. Qc3 {[#]} (13. Nbd2 $11 {remains equal.}) 13... Qe7 (13... d4 $1 $17 {[%mdl 512]} 14. exd4 Nd5) 14. Nbd2 $11 d4 (14... Qf8 $11 {keeps the balance.}) 15. exd4 $16 Nd5 16. Qc4 Qe2 17. dxc5 Bxh2+ $2 {Loses the game.} (17... Bc7 $16) 18. Kxh2 $18 Re6 (18... Qxf2 $142 19. Qd4 Qxd4 20. Nxd4 Bd7) 19. Re1 {White is clearly winning.} Qxf2 20. Rxe6 Ne3 {[#]} (20... Bxe6 $142 21. Bd4 Ne3 22. Bxe3 Qxe3) 21. Rxe3 $1 Qxe3 22. Re1 Qh6+ 23. Qh4 {Accuracy: White = 71%, Black = 30%.} 1-0

[Event "6th Vardaris Open 2020"]
[Site "Thessaloniki"]
[Date "2020.02.29"]
[Round "3.6"]
[White "Marin, Mihail"]
[Black "Mitsiou, Georgios"]
[Result "1-0"]
[WhiteElo "2502"]
[BlackElo "1519"]
[Annotator "TA"]
[PlyCount "75"]
[EventDate "2020.02.27"]
[EventType "swiss"]
[EventCountry "GRE"]
[SourceTitle "playchess.com"]
[Source "ChessBase"]
[SourceQuality "1"]

{[%evp 17,75,21,32,39,35,39,45,22,30,-17,-10,-10,25,-1,11,20,377,370,370,363,358,108,281,264,278,292,333,337,341,330,363,339,365,361,382,385,440,429,476,474,448,459,563,507,546,537,545,552,853,854,874,865,1043,1049,1047,1033,1654,1485,5698,5683]} 1. Nf3 g6 2. d4 Bg7 3. c4 d6 4. Nc3 Nf6 5. g3 O-O 6. Bg2 Nc6 7. O-O a6 8. b3 Rb8 9. Nd5 e6 10. Nxf6+ {E63: King's Indian: Fianchetto: Panno Variation with 7...a6.} Qxf6 {10...Qxf6 is better than 10...Bxf6.} 11. Bb2 Qe7 12. Qd2 {White is slightly better.} e5 {[#]} 13. e3 $146 ({Predecessor:} 13. d5 Nd8 14. Rac1 f5 15. b4 Nf7 16. c5 Bd7 17. Qc2 Rbc8 18. Nd2 h5 19. Nc4 {0-1 (34) Bachmann,A (2636)-Perez Ponsa,F (2533) Montevideo 2015}) 13... e4 14. Ne1 $1 h5 15. Rc1 h4 16. d5 $36 {[%mdl 2048] [#] And now Bxg7 would win. White fights for an advantage.} Nd8 $2 {[%mdl 8192] White stays focused until the end.} (16... Bxb2 $11 {and Black is okay.} 17. Qxb2 h3) 17. Bxg7 $18 Kxg7 18. Qd4+ f6 {[#]} 19. Qxe4 $2 (19. Qa7 $1 $18 {and the rest is easy.}) 19... Qf7 $2 (19... Qxe4 $16 20. Bxe4 Re8) 20. Qxh4 Rh8 21. Qd4 {Black must now prevent Qa7.} c5 22. dxc6 Nxc6 23. Qxd6 Be6 24. Nf3 Rbd8 25. Qc5 Rh5 26. Qb6 Rdh8 27. h4 {White is clearly winning.} g5 28. Rfd1 Bg4 29. Rd5 Ne7 30. Rc5 gxh4 31. Rxh5 Rxh5 32. Nxh4 Rxh4 33. gxh4 Qg6 34. Qxb7 Kh6 35. Qe4 Nf5 36. Kh2 Qh5 37. Bh3 Qxh4 38. Qf4+ {Accuracy: White = 73%, Black = 35%.} 1-0

[Event "6th Vardaris Open 2020"]
[Site "Thessaloniki"]
[Date "2020.02.29"]
[Round "3.6"]
[White "Yugina, Maria"]
[Black "Krysa, Leandro"]
[Result "*"]
[WhiteElo "1975"]
[BlackElo "2523"]
[Annotator "TA"]
[PlyCount "33"]
[EventDate "2020.02.27"]
[EventType "swiss"]
[EventCountry "GRE"]
[SourceTitle "playchess.com"]
[Source "ChessBase"]
[SourceQuality "1"]

{[%evp 13,14,23,50]} 1. Nf3 g6 2. d4 Bg7 3. c4 d6 4. Nc3 Nf6 5. g3 O-O 6. Bg2 Nc6 7. O-O a6 {[#]} {Predecessor:} 8. b3 $146 {E63: King's Indian: Fianchetto: Panno Variation with 7...a6.} Rb8 9. d5 Na5 10. Bg5 b5 11. cxb5 axb5 12. b4 c5 13. dxc6 Nxc6 14. a3 h6 15. Bd2 Bd7 16. Rc1 Ng4 17. Nd5 {½-½ (51) Howell,D (2676)-Jones,G (2683) London 2019} *

[Event "6th Vardaris Open 2020"]
[Site "Thessaloniki"]
[Date "2020.02.29"]
[Round "3.7"]
[White "Marin, Mihail"]
[Black "Mitsiou, Georgios"]
[Result "*"]
[WhiteElo "2502"]
[BlackElo "1519"]
[Annotator "TA"]
[PlyCount "33"]
[EventDate "2020.02.27"]
[EventType "swiss"]
[EventCountry "GRE"]
[SourceTitle "playchess.com"]
[Source "ChessBase"]
[SourceQuality "1"]

{[%evp 16,18,28,20,58]} 1. d4 Nf6 2. g3 d5 3. Bg2 c6 4. Nf3 g6 5. O-O Bg7 6. b3 O-O 7. Bb2 Nbd7 8. c4 Ne4 9. e3 Ndf6 {[#] D78: Fianchetto Grünfeld: 6 0-0 c6.} {Predecessor:} 10. Ne5 $146 Be6 11. Qe2 a5 12. Na3 a4 13. f3 Nd6 14. c5 Nf5 15. b4 Bc8 16. Rad1 e6 17. e4 {1-0 (98) Gelfand,B (2695)-Korobov,A (2678) Poikovsky 2018} *

[Event "6th Vardaris Open 2020"]
[Site "Thessaloniki"]
[Date "2020.02.29"]
[Round "3.7"]
[White "Yugina, Maria"]
[Black "Krysa, Leandro"]
[Result "1-0"]
[WhiteElo "1975"]
[BlackElo "2523"]
[Annotator "TA"]
[PlyCount "71"]
[EventDate "2020.02.27"]
[EventType "swiss"]
[EventCountry "GRE"]
[SourceTitle "playchess.com"]
[Source "ChessBase"]
[SourceQuality "1"]

{[%evp 16,71,47,22,60,56,44,50,56,56,137,139,112,66,72,84,172,173,200,188,193,185,233,243,278,278,282,266,282,287,343,342,333,292,491,417,535,504,481,469,811,806,710,505,610,601,710,692,738,661,2804,2794,2308,2258,2649,2523,3430,3370]} 1. d4 Nf6 2. g3 d5 3. Bg2 c6 4. Nf3 g6 5. O-O Bg7 6. b3 O-O 7. Bb2 Nbd7 8. c4 Ne4 9. e3 Ndf6 {D78: Fianchetto Grünfeld: 6 0-0 c6.} 10. Ne5 Nd7 {[#]} 11. Qe2 $146 ({Predecessor:} 11. Nd3 b6 12. Nd2 Nxd2 13. Qxd2 Bb7 14. Rac1 e6 15. Rc2 Qe7 16. Rfc1 Rac8 17. a4 {1-0 (44) Puranik,A (2520)-Aditya,M (2212) Sharjah 2018}) 11... Nxe5 {White is slightly better.} 12. dxe5 Qc7 (12... Qa5 $14) 13. cxd5 $16 cxd5 14. f3 Nc5 15. Rc1 $36 {[%mdl 2048] Hoping for b4. White is in control. Black is now going downhill.} Bxe5 (15... a5 $16) 16. Bd4 $18 b6 17. b4 Ba6 18. Qd2 Bxd4 19. exd4 {[%mdl 64] Pin} Bc4 20. bxc5 bxc5 21. f4 Rac8 22. Na3 Qd6 23. Nxc4 dxc4 24. Rxc4 Rfd8 $2 (24... cxd4 25. Rxd4 Qb6) 25. Rac1 Qb6 26. Qf2 {White is clearly winning.} Qa5 27. h4 Rc7 (27... Rb8 $142 28. Rxc5 Qa3) 28. Rxc5 Rxc5 29. Rxc5 Qb4 30. d5 Rb8 31. Kh2 Qa3 {[#]} 32. h5 $1 Rb2 {[#]} (32... gxh5 33. d6) 33. h6 $1 {[%cal Rc5c8][%mdl 512]} f6 34. Rc2 Rb8 35. Qe2 Qd6 36. Rc6 {Accuracy: White = 92%, Black = 18%.} 1-0

[Event "6th Vardaris Open 2020"]
[Site "Thessaloniki"]
[Date "2020.02.29"]
[Round "3.8"]
[White "Kaisaris, Dimitrios"]
[Black "Santiago, Yago De Moura"]
[Result "0-1"]
[WhiteElo "1713"]
[BlackElo "2488"]
[Annotator "TA"]
[PlyCount "54"]
[EventDate "2020.02.27"]
[EventType "swiss"]
[EventCountry "GRE"]
[SourceTitle "playchess.com"]
[Source "ChessBase"]
[SourceQuality "1"]

{[%evp 17,54,0,0,-44,-37,-92,-93,-98,-106,-127,-123,-334,-329,-600,-608,-634,-620,-611,-636,-670,-629,-629,-577,-1300,-1275,-2405,-2216,-2286,-2114,-5402,0,-5402,-5314,-5402,-5397,-5397,-5361,-2697,-2329]} 1. d4 Nf6 2. Nf3 g6 3. c4 Bg7 4. Nc3 d5 5. Bg5 Ne4 6. Bh4 Nxc3 7. bxc3 dxc4 8. e3 b5 9. a4 c6 10. Ng5 {Black should prevent axb5. D91: Grünfeld: 4 Nf3 Bg7 5 Bg5.} h6 {[#]} 11. Nxf7 $146 (11. Nf3 $15) ({Predecessor:} 11. Ne4 a6 12. Be2 O-O 13. Bf3 Ra7 14. O-O Nd7 15. axb5 cxb5 16. Nd6 g5 17. Nxc8 Qxc8 {0-1 (30) Xu,J (2498)-Zhou,J (2635) Beijing 2009}) 11... Kxf7 $17 12. axb5 {Black is better.} Qd5 13. b6 Ba6 14. Rxa6 $2 (14. bxa7 $17 Rxa7 15. Qg4) 14... Nxa6 $19 {[%cal Bb8a6,Ba6c5,Bc5d3][%mdl 32]} 15. Qa4 $2 {[#]} (15. b7 Rab8 16. Be2) 15... Nc5 $1 {[%cal Rc5a4]} 16. Qb4 (16. dxc5 Bxc3+) 16... Nd3+ (16... axb6 $2 17. Bxc4 e6 18. O-O $19) 17. Bxd3 cxd3 18. Qxe7+ Kg8 19. b7 Rb8 20. Qc7 Qxg2 ({Worse is} 20... d2+ 21. Kxd2 Kh7 22. Bf6 $11) 21. Qxb8+ {[#]} Kh7 $1 {[%mdl 512]} 22. Qxh8+ Bxh8 23. b8=Q Qxh1+ 24. Kd2 {Threatening mate with Qc7+.} Qf1 {Black is clearly winning.} 25. Qxa7+ Bg7 {( -> ...Qe2+)} 26. c4 Qe2+ 27. Kc3 {[#]} c5 $1 {[%mdl 576] Promotion. White got outplayed after the opening. Accuracy: White = 27%, Black = 91%.} 0-1

[Event "6th Vardaris Open 2020"]
[Site "Thessaloniki"]
[Date "2020.02.29"]
[Round "3.9"]
[White "Kourkoulos-Arditis, Stamatis"]
[Black "Nilsen, Tobias Lang"]
[Result "0-1"]
[WhiteElo "2470"]
[BlackElo "2019"]
[Annotator "TA"]
[PlyCount "146"]
[EventDate "2020.02.27"]
[EventType "swiss"]
[EventCountry "GRE"]
[SourceTitle "playchess.com"]
[Source "ChessBase"]
[SourceQuality "1"]

{[%evp 9,146,-31,-35,-34,-27,-27,-27,-53,-26,-26,-4,-3,13,-29,-24,-14,5,-63,-38,-56,-61,-75,-57,-157,-157,-155,-82,-108,-22,-22,-22,-22,0,0,0,-66,-59,-60,-58,-61,-62,-66,0,0,0,0,0,0,0,0,0,0,-5,0,-10,-32,-33,-84,-73,-120,0,-65,-65,-72,0,0,0,0,0,0,0,0,0,-53,-53,-74,-33,-63,-63,-63,-63,-195,-202,-301,-287,-311,-322,-345,-346,-348,-341,-341,-341,-577,-329,-351,-260,-312,-285,-418,-410,-458,-285,-391,-383,-410,-406,-320,-227,-479,-456,-400,-181,-228,-219,-258,-264,-447,-421,-514,-509,-633,-633,-1120,-1122,-1056,-752,-968,-968,-1479,-1236,-4670,-1512,-29970,-29971,-29973,-29975,-29986,-29987]} 1. d4 e6 2. g3 f5 3. c4 Nf6 4. Nc3 Bb4 5. a3 Bxc3+ $1 6. bxc3 {A84: Dutch Defence: 2 c4 Miscellaneous.} O-O 7. Bg2 d6 8. Rb1 {Black has an edge.} Nc6 {[#]} (8... Qe8 {seems wilder.} 9. Nh3 Nc6 10. O-O b6 11. d5 Na5) 9. Bg5 $146 ({Predecessor:} 9. Nh3 Qe8 10. O-O {½-½ (10) Schubert,W (1969)-Spiesberger,G (2043) Germany 2009}) 9... h6 10. Bxf6 Qxf6 11. e3 e5 12. Ne2 e4 13. Nf4 (13. f3 $1 $11) 13... Qf7 14. Bf1 b6 15. c5 g5 16. Ng2 (16. Nh5 $1 $15) 16... dxc5 $17 17. h4 {intending hxg5.} cxd4 (17... Na5 $142 18. hxg5 hxg5) 18. cxd4 g4 (18... Na5 $17 19. hxg5 hxg5) 19. Qc2 $11 Na5 20. Nf4 Be6 21. Nxe6 Qxe6 22. Rb5 (22. Qxc7 $11 Qa2 23. Rd1) 22... Kh8 23. Be2 c6 24. Rb1 Rac8 25. O-O c5 ({Black should try} 25... Kg7 $15) 26. Ba6 Rc7 27. Rfd1 Rff7 28. dxc5 Rxc5 29. Rd8+ Kg7 30. Qd2 Nc6 31. Rd6 Qe7 32. h5 Ne5 33. Be2 (33. Kg2 $15) 33... Rf6 34. Rxf6 Qxf6 ({Black should play} 34... Kxf6 $17 35. Kg2 Qe8) 35. Rd1 (35. Rc1 $1 $11) 35... Qf7 36. Rc1 {[#]} Qd5 (36... Qd7 $1 $17 {[%cal Rd7d2]} 37. Qb2 Rxc1+ 38. Qxc1 Kf6) 37. Qb2 $1 Rxc1+ 38. Qxc1 Qc5 (38... Qc6 {looks sharper.} 39. Qd2 Nf3+ 40. Bxf3 gxf3 41. Qd8 Qe6) 39. Qb2 Kf6 40. Kg2 Kg5 41. a4 ({Better is} 41. Bb5 $11) 41... Kxh5 $15 42. Qb3 Qe7 43. Qd5 Kg5 44. Bb5 Kf6 45. Be2 {[#] White does not recover from this.} (45. Qa8 $15) 45... h5 $1 $19 46. a5 (46. Bb5 {might work better.}) 46... bxa5 47. Qxa5 Ng6 48. Qc3+ Kg5 49. Qa5 h4 50. gxh4+ Nxh4+ 51. Kg1 $2 (51. Kf1) 51... Ng6 52. Kg2 Ne5 53. Qd5 Kf6 54. Bd1 (54. Qa5 $142) 54... Qd7 55. Qb3 Qc7 56. Qg8 Ng6 57. Qb3 Nh4+ 58. Kf1 g3 59. fxg3 $2 (59. Qb2+ Qe5 60. Qxe5+ Kxe5 61. fxg3) 59... Qxg3 {And now ...Qg2+ would win.} 60. Qc3+ Qe5 (60... Kg6 $142 61. Qb3 Kg5 62. Qg8+ Ng6 63. Qd8+ Kh6) 61. Qc6+ Kg5 62. Qc8 Qd6 63. Qg8+ $2 (63. Be2) 63... Ng6 64. Be2 a5 {[%cal Ba7a5,Ba5a4,Ba4a3][%mdl 32]} 65. Qc4 Qb4 66. Qd5 a4 67. Qd8+ Qe7 68. Qa5 a3 69. Kf2 Qd6 70. Qa8 Kh4 (70... Qb4 $142 71. Qd8+ Kh6) 71. Qa5 Qg3+ {Black mates.} 72. Kf1 Qxe3 73. Qd8+ Kg3 {Accuracy: White = 44%, Black = 71%.} 0-1

[Event "6th Vardaris Open 2020"]
[Site "Thessaloniki"]
[Date "2020.02.29"]
[Round "3.10"]
[White "Vestby-Ellingsen, Mads"]
[Black "Tsironis, Alexandros"]
[Result "*"]
[WhiteElo "2357"]
[BlackElo "1962"]
[Annotator "TA"]
[PlyCount "39"]
[EventDate "2020.02.27"]
[EventType "swiss"]
[EventCountry "GRE"]
[SourceTitle "playchess.com"]
[Source "ChessBase"]
[SourceQuality "1"]

{[%evp 22,39,19,10,42,27,57,56,60,54,46,51,77,39,87,43,75,51,54,28]} 1. e4 c5 2. Nf3 e6 3. d4 cxd4 4. Nxd4 Nc6 5. Nb5 d6 6. c4 Nf6 7. N1c3 a6 8. Na3 Be7 9. Be2 O-O 10. O-O b6 11. Be3 Bb7 12. Rc1 Rc8 {B44: Sicilian: Taimanov: 5 Nb5.} 13. f3 Nd7 14. Qd2 Nc5 {was the old line (14...Nce5).} 15. Rfd1 Rc7 16. Nc2 {[#]} Qb8 $146 ({Predecessor:} 16... a5 17. Nd4 Rd7 18. Nxc6 Bxc6 19. Qc2 Qa8 20. Rd2 Rfd8 21. Rcd1 Bf6 22. Bd4 Bg5 23. Bxc5 Bxd2 24. Bxb6 {0-1 (36) Fronczak,S (1859)-Kuciel,W (1978) Koszalin 2013}) 17. Bf1 Ba8 18. Qf2 Rfc8 19. Kh1 (19. b4 $5 {[%cal Rb4c5]}) 19... Ne5 20. Nb4 {Accuracy: White = 63%, Black = 41%.} *

[Event "6th Vardaris Open 2020"]
[Site "Thessaloniki"]
[Date "2020.02.29"]
[Round "3.10"]
[White "Vestby-Ellingsen, Mads"]
[Black "Tsironis, Alexandros"]
[Result "1-0"]
[WhiteElo "2357"]
[BlackElo "1962"]
[Annotator "TA"]
[PlyCount "115"]
[EventDate "2020.02.27"]
[EventType "swiss"]
[EventCountry "GRE"]
[SourceTitle "playchess.com"]
[Source "ChessBase"]
[SourceQuality "1"]

{[%evp 9,115,4,4,4,4,-4,0,-1,0,-53,-52,-65,-48,-58,-18,-25,-22,-59,-60,-55,-29,-36,-34,-60,0,-7,-10,-15,-8,-13,-22,-30,-25,-193,-173,-186,-191,-162,-174,-359,-348,-355,-86,-102,140,137,139,113,176,173,158,159,152,160,269,253,327,333,329,333,306,311,297,256,258,254,256,253,246,124,320,312,418,416,503,508,498,481,508,530,565,558,575,539,564,569,560,541,525,502,739,722,727,721,29980,29982,29982,29983,29983,29984,29984,29985,29985,29986,29986,29985,29985,29986]} 1. c4 e5 2. g3 Nf6 3. Bg2 c6 4. d4 e4 5. d5 Bb4+ 6. Bd2 {A20: English Opening: 1...e5.} Qe7 7. Nc3 cxd5 8. cxd5 {The position is equal.} O-O {[#]} 9. Qa4 $146 ({Better is} 9. Nh3 $11) ({Predecessor:} 9. e3 Na6 10. Nge2 d6 11. O-O Bg4 12. h3 Bxe2 13. Qxe2 Bxc3 14. Bxc3 Nxd5 15. Bd4 {½-½ (63) Badelka,O (2388)-Vokhidov,S (2412) Ahmedabad 2017}) 9... Na6 $15 {[%cal Bb8a6,Ba6c5,Bc5d7,Bd7e5][%mdl 32]} 10. a3 Bxc3 11. Bxc3 Nc5 12. Qd1 d6 13. b4 Ncd7 14. Nh3 Ne5 15. O-O Bf5 16. Qd2 Qd7 (16... Rac8 $15) 17. Nf4 $11 h6 18. h4 Rfe8 19. f3 Rac8 20. g4 e3 $36 {[%mdl 2048] Black is pushing.} 21. Qe1 $2 (21. Qxe3 Ng6 $17) (21. Qb2 $1 $11) 21... Rc4 $19 22. Nh3 Nfxg4 23. fxg4 Rxg4 {White must now prevent ...Be4!} 24. Nf4 $2 (24. Rf4 {is the only way for White.} Rxg2+ {[%mdl 64] Remove Defender} 25. Kxg2 Bxh3+ 26. Kg1) 24... Be4 {Threatens to win with ...Rxg2+!} 25. Kh2 {[#]} Bxg2 $2 (25... Rxg2+ $1 $19 {[%mdl 512] is more deadly.} 26. Nxg2 Ng4+ 27. Kg1 Bxg2) 26. Nxg2 $17 {[#]} Rg6 $2 (26... Ng6 $1 $17 {keeps the pressure on. ...Ree4 is the strong threat.} 27. h5 Ne5) 27. Bxe5 $1 $16 {White stays focused until the end.} Rxe5 28. Rf4 Qe7 (28... Rxd5 $16 29. Qc3 (29. Nxe3 Re5 $11) 29... Qe6) 29. Qf1 $18 Rxd5 30. Qf3 Qe5 {[#]} 31. Rf1 $1 ({Stronger than} 31. Nxe3 Rd4 $17) 31... Re6 (31... Rd4 $16) 32. Kh1 f6 {[#]} 33. Nxe3 $1 {[%mdl 512]} Rd4 (33... Qxe3 34. Qxd5) 34. Rxd4 {[%mdl 64] Overworked Piece} Qxd4 35. Nf5 Qe4 36. Rg1 g5 37. Nxh6+ Kh7 38. Qxe4+ Rxe4 39. hxg5 (39. Nf5 $18) 39... fxg5 $2 {[%mdl 4096] Endgame KRN-KR} (39... Kg6 $16) 40. Nf7 Rh4+ 41. Kg2 Rg4+ 42. Kh2 Rh4+ 43. Kg3 Kg6 44. Nxd6 b6 45. Rc1 Kf6 46. Nc8 Rh7 47. b5 Ke5 48. Rc6 Kd4 49. Kg4 Ke3 50. Re6+ Kd4 {[#]} 51. Re7 $1 Rxe7 52. Nxe7 {KN-K3P. White mates.} Ke3 53. Nc6 Kxe2 54. Nxa7 Kd3 55. a4 Kc4 56. Nc8 Kc5 {[#]} 57. Nxb6 $1 Kxb6 58. Kxg5 {Accuracy: White = 74%, Black = 53%.} 1-0

[Event "6th Vardaris Open 2020"]
[Site "Thessaloniki"]
[Date "2020.02.29"]
[Round "3.11"]
[White "Krallis, Christos"]
[Black "Stefanou, Dimitrios"]
[Result "1/2-1/2"]
[WhiteElo "2276"]
[BlackElo "1996"]
[Annotator "TA"]
[PlyCount "121"]
[EventDate "2020.02.27"]
[EventType "swiss"]
[EventCountry "GRE"]
[SourceTitle "playchess.com"]
[Source "ChessBase"]
[SourceQuality "1"]

{[%evp 22,121,18,18,33,15,50,45,54,50,55,43,77,43,81,48,71,47,52,35,36,39,44,31,63,53,63,50,56,53,60,64,56,65,244,31,28,0,0,0,4,4,4,0,126,0,-16,-35,0,-58,-65,-69,-39,-61,-61,-53,-60,-48,-54,-103,-101,-113,-12,-113,-103,-122,-120,-129,-114,-114,-107,-112,-108,-113,-102,-143,-133,-121,0,-106,0,-135,0,-98,-101,-216,-69,-66,-66,-64,-59,-146,-127,-233,-220,-229,-210,-200,-8,0,-12,-31]} 1. e4 c5 2. Nf3 e6 3. d4 cxd4 4. Nxd4 Nc6 5. Nb5 d6 6. c4 Nf6 7. N1c3 a6 8. Na3 Be7 9. Be2 O-O 10. O-O b6 11. Be3 Bb7 12. Rc1 Rc8 {B44: Sicilian: Taimanov: 5 Nb5.} 13. f3 Nd7 14. Qd2 Nc5 {White is slightly better. was the old line (14...Nce5).} 15. Rfd1 Rc7 16. Nc2 {[#]} Qb8 $146 ({Predecessor:} 16... a5 17. Nd4 Rd7 18. Nxc6 Bxc6 19. Qc2 Qa8 20. Rd2 Rfd8 21. Rcd1 Bf6 22. Bd4 Bg5 23. Bxc5 Bxd2 24. Bxb6 {0-1 (36) Fronczak,S (1859)-Kuciel,W (1978) Koszalin 2013}) 17. Bf1 Ba8 18. Qf2 Rfc8 19. Kh1 Ne5 20. Nb4 {Black must now prevent Bxc5.} Bb7 21. b3 Bf8 22. Be2 Nc6 23. Nxc6 Bxc6 24. Bf4 Rd8 25. Qg3 Rcd7 26. Rd2 Qa8 27. Rcd1 d5 $2 ({Black should try} 27... Qb8 $14) 28. Bg5 $2 (28. cxd5 $18 exd5 29. exd5 (29. Nxd5 Bxd5 30. exd5 Rxd5 $11)) 28... d4 $14 29. Bxd8 Qxd8 30. Nd5 exd5 31. cxd5 Bb7 32. Rxd4 f5 (32... Ne6 $11 {remains equal.} 33. R4d3 (33. dxe6 Rxd4 34. Rxd4 Qxd4 $17) 33... Nc5) 33. exf5 (33. b4 $16) 33... Bd6 $11 34. f4 Qf6 35. Bf3 (35. Qg5 $11) 35... Re7 $15 36. h3 Qxf5 37. b4 Ne4 $36 {[%mdl 2048] Black is more active.} 38. Rxe4 Rxe4 39. Bxe4 Qxe4 40. Qg5 Qe2 {[%mdl 1024] Black has strong compensation.} ({Much weaker is} 40... Qxb4 $6 41. Qd8+ Bf8 42. Qd7 $11) ({Much worse is} 40... Bxb4 $6 41. d6 $11) (40... Qxf4 $2 41. Qxf4 Bxf4 42. d6 $18) 41. Rd4 Qe1+ ({Of course not} 41... Qxa2 $6 42. Kh2 $11) 42. Kh2 {Threatening Qd8+.} Qe8 43. Qg4 {[#]} Bc8 $1 {[%cal Rc8g4]} 44. Qf3 Qf8 45. Kh1 Bd7 46. a3 Qf6 47. Qe3 h6 48. Re4 Qa1+ 49. Kh2 Qf6 50. Kh1 Qa1+ 51. Kh2 Qf6 (51... Qf1 $17 52. Qf3 Qxf3 53. gxf3 g5) 52. Kg1 (52. Kh1 $11) 52... Qd8 $17 53. f5 (53. Qd4 $17 {was called for.}) 53... Qc7 (53... Qf6 $19 54. Qf2 Qa1+ 55. Re1 Qxa3) 54. f6 $1 $15 gxf6 55. Qxh6 {Threatens to win with Qg6+.} Be5 56. Rh4 ({White should play} 56. Qd2 $15) 56... Bf5 $17 {Hoping for ...Qc3.} 57. Qh8+ (57. Qd2 $17 {was the only defense.}) 57... Kf7 $19 {( -> ...Qc1+)} 58. Qh5+ Bg6 59. Qd1 {[#]} Qc2 $2 (59... Bh2+ $1 $19 60. Kh1 Bd6) 60. Qxc2 $11 Bxc2 61. Kh1 {Accuracy: White = 66%, Black = 67%.} 1/2-1/2